export_success — 

Inside the yield book the classic that created the science of bond analysis /

Bibliographic Details
Main Author: Homer, Sidney, 1902-
Corporate Author: ProQuest (Firm)
Other Authors: Leibowitz, Martin L., 1936-, Bova, Anthony., Kogelman, Stanley.
Format: Electronic eBook
Language:English
Published: Hoboken, N.J. : John Wiley & Sons, Inc., 2013.
Edition:3rd ed.
Series:Bloomberg financial series.
Subjects:
Online Access:Click to View
LEADER 02020nam a2200469 a 4500
001 EBC1166323
003 MiAaPQ
005 20200520144314.0
006 m o d |
007 cr cn|||||||||
008 130412s2013 njud sb 001 0 eng d
010 |z  2013013047 
020 |z 9781118390139 (cloth : hardcover) 
020 |a 9781118421918 (electronic bk.) 
035 |a (MiAaPQ)EBC1166323 
035 |a (Au-PeEL)EBL1166323 
035 |a (CaPaEBR)ebr10684973 
035 |a (CaONFJC)MIL477752 
035 |a (OCoLC)841909540 
040 |a MiAaPQ  |c MiAaPQ  |d MiAaPQ 
043 |a n-us--- 
050 4 |a HG4936  |b .H65 2013 
082 0 4 |a 332.63/230973  |2 23 
100 1 |a Homer, Sidney,  |d 1902- 
245 1 0 |a Inside the yield book  |h [electronic resource] :  |b the classic that created the science of bond analysis /  |c Sidney Homer and Martin L. Leibowitz with Anthony Bova and Stanley Kogelman. 
250 |a 3rd ed. 
260 |a Hoboken, N.J. :  |b John Wiley & Sons, Inc.,  |c 2013. 
300 |a 356 p. :  |b ill. 
490 1 |a Bloomberg financial series 
500 |a The first edition was published by Prentice-Hall, Inc. in 1972. The second edition was published by Boomberg Press in 2004. 
504 |a Includes bibliographical references and index. 
505 0 |a pt. I. Duration targeting : a new look at bond portfolios (2013 edition) -- pt. II. Some topics that didn't make it into the 1972 edition (2004 edition) -- pt. III. Inside the yield book (original edition). 
533 |a Electronic reproduction. Ann Arbor, MI : ProQuest, 2015. Available via World Wide Web. Access may be limited to ProQuest affiliated libraries. 
650 0 |a Bonds  |z United States. 
650 0 |a Bond market. 
655 4 |a Electronic books. 
700 1 |a Leibowitz, Martin L.,  |d 1936- 
700 1 |a Bova, Anthony. 
700 1 |a Kogelman, Stanley. 
710 2 |a ProQuest (Firm) 
830 0 |a Bloomberg financial series. 
856 4 0 |u https://ebookcentral.proquest.com/lib/matrademy/detail.action?docID=1166323  |z Click to View